000 01270nas a2200433 4500
001 BR2010002356
003 BR-BrBNA
005 20231205114827.0
007 ta
008 230509b bl.|||p| |||| 00| 00por d
040 _aBR-BrBNA
_bpor
_cBiblioteca Nacional de Agricultura
041 _a(Pt)
072 _aA01; F61
100 1 _aResende, G.M. de
100 1 _aAlvarenga, M.A.R.
100 1 _aYuri, J.E.
100 1 _aSouza, R.J. de
100 1 _aMota, J.H.
100 1 _aCarvalho, J.G. de
100 1 _aRodrigues Júnior, J.C.
245 1 _aRendimento e teores de macronutrientes em alface tipo americana em função de doses de nitrogênio e molibdênio em cultivo de verão
650 _aPRODUÇÃO VEGETAL
650 _aALFACE
650 _aLACTUCA SATIVA
650 _aPRODUTIVIDADE
650 _aNUTRIENTE
650 _aVALOR NUTRITIVO
650 _aELEMENTO QUÍMICO
650 _aNITROGÊNIO
650 _aFÓSFORO
650 _aPOTÁSSIO
650 _aCÁLCIO
650 _aMAGNÉSIO
650 _aENXOFRE
650 _aMÉTODO
773 0 _tCiência e Agrotecnologia (Brazil)
_xISSN 1413-7054
_g(Jan-Feb 2009), v. 33(1) p. 153-163
_wBR2010002356
909 _a202311
_bLúcia
_c55
_dLúcia Elande
942 _2AGRIS
_n0
_cANA
999 _c210695
_d210695